000 004810000a22001690004500
041 0 _aSPA
082 0 4 _aG 252.8 Y31p
100 1 _aYates, Kyle M.
245 1 0 _aPredicando de los libros proféticos / Kyle M. Yates ; Simón Corona, Traductor
260 _aEl Paso, TX., USA : Casa Bautista de Publicaciones
300 _a313 Pag
001 6239
942 _cBK
999 _c36515
_d36515
336 _atexto
_btxt
_2rdacontent
337 _2rdamedia
_asin mediación
_bn
338 _2rdacarrier
_avolumen
_bnc